The innovative consequences of space technology and the problems of the developing countries /

Bibliographic Details
Main Author: Afshar, H. K.
Format: Book
Language:English
Published: [Tehran] : Institute of Geophysics, Tehran University, 1971.
Series:Publication (Teheran. Danishgah-i. Muassasah-i Zhiufizik) ; no. 56.
Subjects:

MARC

Tag First Indicator Second Indicator Subfields
LEADER 00000cam a2200000 4500
001 in00000078306
005 20151008060721.0
008 740312s1971 ir 00010 eng
010 |a  74153806  
035 |a (OCoLC)00866700 
035 |9 AAJ6416AM 
040 |a DLC  |c DLC  |d TXA  |d UtOrBLW 
049 |a TXAM  |c [1336829] 
050 0 0 |a TL790  |b .A34 
082 0 |a 629.4 
100 1 |a Afshar, H. K. 
245 1 4 |a The innovative consequences of space technology and the problems of the developing countries /  |c by H. K. Afshar. 
264 1 |a [Tehran] :  |b Institute of Geophysics, Tehran University,  |c 1971. 
300 |a xviii, 403 pages, [A]-B pages ;  |c 25 cm. 
336 |a text  |b txt  |2 rdacontent 
337 |a unmediated  |b n  |2 rdamedia 
338 |a volume  |b nc  |2 rdacarrier 
490 1 |a Publication of the Institute of Geophysics, Tehran University, no. 56 
650 0 |a Astronautics. 
650 0 |a Technology transfer. 
830 0 |a Publication (Teheran. Danishgah-i. Muassasah-i Zhiufizik) ;  |v no. 56. 
999 |a MARS 
999 f f |s c6f4d2ac-d346-31f1-b00f-19b6682c1bc5  |i d21be045-c52a-3a41-aa98-cb3e06cfbce7  |t 0 
952 f f |p normal  |a Texas A&M University  |b College Station  |c Sterling C. Evans Library  |d Evans: Library Stacks  |t 0  |e TL790 .A34  |h Library of Congress classification  |i unmediated -- volume  |m A14806254298 
952 f f |p ric  |a Texas A&M University  |b Rellis Campus  |c Joint Library Facility  |d Remote Storage  |t 0  |e TL790 .A34  |h Library of Congress classification  |i unmediated -- volume  |m A14805556875 
998 f f |a TL790 .A34  |t 0  |l Remote Storage 
998 f f |a TL790 .A34  |t 0  |l Evans: Library Stacks